00565nam a2200157 a 450000100100000000500170001000800410002704000250006810000380009324500650013126000440019630000360024004900090027695201050028599900170039000002530220200930023707.0110214s1983 dr 000 0 spa d aDO-SdBNPbspacBNPHU1 aLora Medrano, Luis Eduardo95182713aEl puente :blagrimas de abril /cLuis Eduardo Lora Medrano. aSanto Domingo :bEditora Tele 3,c1983. a223 p. :bil., retrs. ;c21 cm. aBNPD 0010718PDaPDbPDcCTd2011-02-14iLF1l0o p25302-10r2020-06-25w2020-06-25yLFPDZNo se presta c24795d24795